Foreign business in Japan before World War II : Proceedings of the Fuji Conference

This book represents more than the official proceedings of the conference, rather, would like to this book is the result of extended cooperation bettween committee and the participants.

Đã lưu trong:
Sonraí Bibleagrafaíochta
Údar Corparáideach: International Conference on Business History 16
Formáid: Leabhar
Teanga:Undetermined
Foilsithe: Tokyo University of Tokyo Press 1990
Ábhair:
Clibeanna: Cuir Clib Leis
Gan Chlibeanna, Bí ar an gcéad duine leis an taifead seo a chlibeáil!
Thư viện lưu trữ: Trung tâm Học liệu Trường Đại học Cần Thơ
LEADER 01003nam a2200229Ia 4500
001 CTU_227665
008 210402s9999 xx 000 0 und d
082 |a 338.88852 
082 |b I.61 
110 |a International Conference on Business History 16 
245 0 |a Foreign business in Japan before World War II : 
245 0 |b Proceedings of the Fuji Conference 
245 4 |c The International Conference on Business History, 16 ; Edited by Takeshi Yuzawa, Masaru Udagawa 
260 |a Tokyo 
260 |b University of Tokyo Press 
260 |c 1990 
520 |a This book represents more than the official proceedings of the conference, rather, would like to this book is the result of extended cooperation bettween committee and the participants. 
650 |a Doanh nghiệp kinh doanh quốc tế,International business enterprises 
650 |x Lịch sử,History 
650 |z Nhật Bản,Japan 
910 |b dqhieu 
980 |a Trung tâm Học liệu Trường Đại học Cần Thơ